000 00649cam a22002173a 4500
001 42226
003 PGUSA
005 20140828083943.0
008 130227s2013||||xxu|||||s|||||000 | eng d
040 _aPGUSA
_beng
042 _adc
100 1 _aFraser, William Alexander,
_d1859-1933
245 1 0 _aMooswa \& Others of the Boundaries
_h[electronic resource] /
_cWilliam Alexander Fraser
260 _bProject Gutenberg,
_c2013
506 _aPublic domain in the USA.
516 _aElectronic text
700 1 _aHeming, Arthur,
_d1871-1940
830 0 _aProject Gutenberg
_v42226
856 4 0 _uhttp://www.gutenberg.org/ebooks/42226
942 _cEB
999 _c271478
_d271478